000 00745nam a2200229Ia 4500
003 GCL
008 140319s9999 xx 000 0 ara d
040 _aGCL /
_cGCL
082 0 4 _a362.293
_bا ف
100 1 _aابراهيم نافع
245 1 0 _aفى بيتنا مدمن :
_bكيف نمنع الكارثة /
_cابراهيم نافع
260 _aالقاهرة :
_bمركز الاهرام للترجمة والنشر ،
_c1991
300 _a154 ص ؛
_c24 سم
490 _a
650 0 4 _aالاسرة
650 0 4 _aالاباء والابناء
650 0 4 _aمكافحة الادمان
650 0 4 _aالادمان والشباب
650 0 4 _aالاجتماع العلاجى
650 0 4 _aالادمان
942 _2ddc
_cBK
999 _c29115
_d29115